000 01616nam a22002657a 4500
999 _c322314
_d322314
001 36006
003 UA-OsUOA
005 20230504161229.0
007 ta
008 20060112b un ||||| |||| 00| 0 ukr d
020 _a5-204-00341-Х
040 _aUA-OsUOA
_brus
_cUA-OsUOA
_dUA-OsUOA
041 _arus
080 _a372.8:81,24
090 _a372.8:81,24
_bЩ95
100 _aЩукин А. Н.
245 _aОбучение иностранным языкам: теория и практика
_bучебное пособие для преподаватилей и студентов
260 _aМ.
_bФиломатис
_c2004
300 _a416 с.
520 _aНастоящее пособие посвящено характеристике лингводидактических основ преподавания иностранных языков. Его содержание соответствует требованиям Государственного образовательного стандарта высшего профессионального образования по подготовке специалистов в области лингвистики и межкультурной коммуникации с присвоением квалификации лингвист, преподаватель иностранного языка, переводчик.
650 7 _a37 Освіта. Виховання. Навчання. Дозвілля
_2UDC
942 _cBK
_2udc
955 _a2